000 00780 a2200217 4500
020 _a0385513755
040 _aDLC
_bDLC
100 1 _aBrown, Dan,
245 1 4 _aThe Da Vinci code
_cDan Brown.
260 _aLondon :
_bTransworld Publishers :
_c2003.
300 _a589 p. :
_c21 cm.
650 0 _aArt museum curators
_xCrimes against
650 0 _aSecret societies
650 0 _aCryptographers
650 0 _aGrail
655 7 _aMystery fiction.
856 4 2 _3Contributor biographical information
_uhttp://www.loc.gov/catdir/bios/random056/2004055276.html
856 4 2 _3Sample text
_uhttp://www.loc.gov/catdir/samples/random051/2004055276.html
856 4 2 _3Publisher description
_uhttp://www.loc.gov/catdir/description/random051/2004055276.html
942 _cBK
_k813.54 BRO
_2ddc
999 _c9982
_d9982